Drug moĭ, Anton Prokofʹevich : povestʹ, rasskazy, ocherki /

Bibliographic Details
Main Author: Radov, Georgiĭ
Format: Book
Language:Russian
Published: Moskva : Sovetskiĭ pisatelʹ, 1976.

MARC

Tag First Indicator Second Indicator Subfields
LEADER 00000cam a2200000Ii 4500
001 in00002016221
005 20151031154626.0
008 850130s1976 ru c 000 1 rus d
035 |a (OCoLC)ocm11636095 
040 |a LFM  |c LFM  |d MIA  |d TXA  |d UtOrBLW 
049 |a TXAM 
090 |a PG3485.5.A26  |b D7 1976 
100 1 |a Radov, Georgiĭ. 
245 1 0 |a Drug moĭ, Anton Prokofʹevich :  |b povestʹ, rasskazy, ocherki /  |c Georgiĭ Radov. 
264 1 |a Moskva :  |b Sovetskiĭ pisatelʹ,  |c 1976. 
300 |a 608 pages :  |b portrait ;  |c 20 cm. 
336 |a text  |b txt  |2 rdacontent 
337 |a unmediated  |b n  |2 rdamedia 
338 |a volume  |b nc  |2 rdacarrier 
948 |a cataloged  |b h  |c 2004/12/20  |d c  |e spoltoratski  |f 1:19:33 pm 
994 |a E0  |b TXA 
999 |a MARS 
999 f f |s 059b6887-dc56-3f55-9fb1-86232b6ac8bb  |i 8d44c24a-43a7-3933-9771-40b70681f98a  |t 0 
952 f f |p ric  |a Texas A&M University  |b Rellis Campus  |c Joint Library Facility  |s JLF  |d Remote Storage  |t 0  |e PG3485.5.A26 D7 1976  |h Library of Congress classification  |i unmediated -- volume  |m A14831592752 
998 f f |a PG3485.5.A26 D7 1976  |t 0  |l Remote Storage